| 000 | 00811nam a2200301Ia 4500 | ||
|---|---|---|---|
| 008 | 170203s9999 xx 000 0 und d | ||
| 020 | _a9780545227131 | ||
| 050 | _aFic | ||
| 050 | _bB126l | ||
| 100 | _aBang, Molly. | ||
| 245 | _aLiving sunlight : | ||
| 245 | _bhow plants bring the earth to life / | ||
| 245 | _cby Molly Bang & Penny Chisholm ; illustrated by Molly Bang. | ||
| 260 | _aNew York : | ||
| 260 | _bScholastic : | ||
| 260 | _c2010 | ||
| 300 | _a1 volume (unpaged) : | ||
| 300 | _bcolor illustrations ; | ||
| 300 | _c26 cm. | ||
| 650 | _aPhotosynthesis -- | ||
| 650 | _aPhotosynthesis. | ||
| 650 | _aPlants -- | ||
| 650 | _aPlants. | ||
| 650 | _aSunshine -- | ||
| 650 | _xJuvenile literature. | ||
| 650 | _xJuvenile literature. | ||
| 650 | _xJuvenile literature. | ||
| 999 |
_c306345 _d306345 |
||